Welcome to the Holygrace Academy Library

Please use search bar below to get started

LONDONILEKKU ORU ROAD YATHRA (Record no. 8761)

MARC details
000 -LEADER
fixed length control field 00411nam a22001577a 4500
020 ## - INTERNATIONAL STANDARD BOOK NUMBER
ISBN 978-93-5962-293-4
082 ## - DEWEY DECIMAL CLASSIFICATION NUMBER
Classification number 894.812
Item number BAI/L
100 ## - MAIN ENTRY--AUTHOR NAME
Personal name BAIJU N NAIR
245 ## - TITLE STATEMENT
Title LONDONILEKKU ORU ROAD YATHRA
246 ## - VARYING FORM OF TITLE
Title proper/short title LONDONILEKKU ORU ROAD YATHRA
Remainder of title LONDONILEKKU ORU ROAD YATHRA
260 ## - PUBLICATION, DISTRIBUTION, ETC. (IMPRINT)
Place of publication INDIA
Name of publisher MATHRUBHUMI
Year of publication 2024
300 ## - PHYSICAL DESCRIPTION
Number of Pages 366
520 ## - SUMMARY, ETC.
Summary, etc TRAVELOGUE
650 ## - SUBJECT ADDED ENTRY--TOPICAL TERM
Topical Term MALAYALAM TRAVALOGUE
942 ## - ADDED ENTRY ELEMENTS (KOHA)
Koha item type Books
Holdings
Withdrawn status Lost status Collection code Home library Current library Shelving location Date acquired Source of acquisition Cost, normal purchase price Full call number Accession Number Koha item type
    Non-fiction Main Library Main Library NEW SHELF WITH NEW ENTRY 04/06/2024 PURCHASED 470.00 894.812 BAI/L 13669 Books